<?xml version="1.0" encoding="UTF-8"?><?xml-stylesheet type="text/xsl" href="static/style.xsl"?><OAI-PMH xmlns="http://www.openarchives.org/OAI/2.0/" xmlns:xsi="http://www.w3.org/2001/XMLSchema-instance" xsi:schemaLocation="http://www.openarchives.org/OAI/2.0/ http://www.openarchives.org/OAI/2.0/OAI-PMH.xsd"><responseDate>2026-04-14T04:23:32Z</responseDate><request verb="GetRecord" identifier="oai:www.recercat.cat:10230/43503" metadataPrefix="marc">https://recercat.cat/oai/request</request><GetRecord><record><header><identifier>oai:recercat.cat:10230/43503</identifier><datestamp>2025-12-20T17:02:49Z</datestamp><setSpec>com_2072_6</setSpec><setSpec>col_2072_452952</setSpec></header><metadata><record xmlns="http://www.loc.gov/MARC21/slim" xmlns:dcterms="http://purl.org/dc/terms/" xmlns:xsi="http://www.w3.org/2001/XMLSchema-instance" xmlns:doc="http://www.lyncode.com/xoai" xsi:schemaLocation="http://www.loc.gov/MARC21/slim http://www.loc.gov/standards/marcxml/schema/MARC21slim.xsd">
   <leader>00925njm 22002777a 4500</leader>
   <datafield ind2=" " ind1=" " tag="042">
      <subfield code="a">dc</subfield>
   </datafield>
   <datafield ind2=" " ind1=" " tag="720">
      <subfield code="a">Prieto Vives, Pilar, 1965-</subfield>
      <subfield code="e">author</subfield>
   </datafield>
   <datafield ind2=" " ind1=" " tag="720">
      <subfield code="a">Hübscher, Iris</subfield>
      <subfield code="e">author</subfield>
   </datafield>
   <datafield ind2=" " ind1=" " tag="720">
      <subfield code="a">Wagner, Laura</subfield>
      <subfield code="e">author</subfield>
   </datafield>
   <datafield ind2=" " ind1=" " tag="260">
      <subfield code="c">2020-02-06T08:55:55Z</subfield>
   </datafield>
   <datafield ind2=" " ind1=" " tag="260">
      <subfield code="c">2020</subfield>
   </datafield>
   <datafield ind2=" " ind1=" " tag="520">
      <subfield code="a">Despite the evidence that infants are sensitive to facial cues and prosody for the detection of emotion, we have contradictory evidence regarding the use of these cues by older preschool and school children when inferring both emotional and politeness stance. This study assessed preschool aged children’s sensitivity to intonational and facial cues signalling a speaker’s polite stance in requestive speech acts with controlled lexical and contextual materials. Thirty-six 3-yearold American English-speaking children performed a forced-choice decision task which investigated whether children at this age use pitch and/or facial cues to infer a speaker’s affective stance in either audio-only, visual-only or audio-visual presentation modalities, when lexical cues are controlled for. Results showed that (a) children at three years can infer a speaker’s polite stance equally well in all three conditions (audio-only, visual-only and audio-visual) and thereby (b) unlike previous research, in the present task both intonation and facial cues are equally strong cues in children’s understanding of a speaker’s polite stance in requestive speech acts. The authors discuss especially the implications of this early use of intonation to detect politeness, relating it to other previous research on children’s ability to infer meaning from pitch.</subfield>
   </datafield>
   <datafield tag="653" ind2=" " ind1=" ">
      <subfield code="a">Politeness development</subfield>
   </datafield>
   <datafield tag="653" ind2=" " ind1=" ">
      <subfield code="a">Affective stance</subfield>
   </datafield>
   <datafield tag="653" ind2=" " ind1=" ">
      <subfield code="a">Intonation and facial cues</subfield>
   </datafield>
   <datafield tag="653" ind2=" " ind1=" ">
      <subfield code="a">Multimodal request comprehension</subfield>
   </datafield>
   <datafield tag="653" ind2=" " ind1=" ">
      <subfield code="a">Emotion recognition</subfield>
   </datafield>
   <datafield ind2="0" ind1="0" tag="245">
      <subfield code="a">Three-year-olds infer polite stance from intonation and facial cues</subfield>
   </datafield>
</record></metadata></record></GetRecord></OAI-PMH>